|
|
|
|
| LEADER |
01256nam a2200277 u 4500 |
| 001 |
10056476 |
| 003 |
upatras |
| 005 |
20210117200810.0 |
| 008 |
060208s1999 lu eng |
| 020 |
|
|
|a 9282858243
|
| 040 |
|
|
|a GR-PaULI
|c GR-PaULI
|
| 041 |
0 |
|
|a eng
|
| 082 |
0 |
4 |
|a 346.048
|
| 110 |
|
0 |
|a European Commission
|9 8016
|
| 245 |
1 |
0 |
|a Multimedia rights clearance systems
|b pilot projects supported by the INFO 2000 programme
|c European Commission
|
| 260 |
|
|
|a Luxembourg
|b Office for Official Publications of the European Communities
|c 1999
|
| 300 |
|
|
|a 30 p.
|b phot.
|c 30 cm.
|
| 650 |
|
4 |
|a Δίκαιο
|x Πνευματική ιδιοκτησία
|9 35544
|
| 650 |
|
4 |
|a Πολυμέσα
|9 2020
|
| 650 |
|
4 |
|a Εργασία και εργαζόμενοι
|z Ευρωπαϊκή Ένωση, Χώρες της
|9 45662
|
| 650 |
|
4 |
|a Δίκαιο και νομοθεσία
|z Ευρωπαϊκή Ένωση, Χώρες της
|9 46361
|
| 852 |
|
|
|a GR-PaULI
|b ΠΑΤΡΑ
|b ΒΚΠ
|b ΚΕΤ
|h 346.048 EUR
|m 080734
|p 025000111950
|t 1
|
| 942 |
|
|
|2 ddc
|
| 952 |
|
|
|0 0
|1 0
|4 0
|6 346_048000000000000_EUR
|7 0
|9 51683
|a LISP
|b LISP
|c EDC
|d 2016-04-24
|i 080734
|l 0
|o 346.048 EUR
|p 025000111950
|r 2016-04-24 00:00:00
|t 1
|w 2016-04-24
|y BK15
|
| 998 |
|
|
|c ΗΛΙΟΠΟΥΛΟΥ
|d 2006-02
|
| 999 |
|
|
|c 32920
|d 32920
|